000
00257nam a2200109Ia 4500
008
190216s9999||||xx |||||||||||||| ||und||
100
_a
Nair S K
245
0
_a
Dhana Shashthra Sidhanthangal
260
_b
Bhasha Institute
650
_a
Economics
942
_c
BK
999
_c
40421
_d
40421